书目信息 |
| 题名: |
低维纳米碳材料
|
|
| 作者: | 闵宇霖 , 李和兴 , 吴彬 编著 | |
| 分册: | ||
| 出版信息: | 北京 科学出版社 2018.06 |
|
| 页数: | 254页 | |
| 开本: | 24cm | |
| 丛书名: | 资源化学丛书 | |
| 单 册: | ||
| 中图分类: | TB383 | |
| 科图分类: | ||
| 主题词: | 碳--tan--纳米材料--研究 | |
| 电子资源: | ||
| ISBN: | 978-7-03-057939-3 | |
| 000 | 01023nam 2200289 450 | |
| 001 | 0100010118 | |
| 005 | 20190905093950.0 | |
| 010 | @a978-7-03-057939-3@dCNY88.00 | |
| 100 | @a20190831d2018 em y0chiy50 ea | |
| 101 | 0 | @achi |
| 102 | @aCN@b110000 | |
| 105 | @aa a 000yy | |
| 106 | @ar | |
| 200 | 1 | @a低维纳米碳材料@Adi wei na mi tan cai liao@f闵宇霖, 李和兴, 吴彬编著 |
| 210 | @a北京@c科学出版社@d2018.06 | |
| 215 | @a254页@c图@d24cm | |
| 225 | 2 | @a资源化学丛书@Azi yuan hua xue cong shu |
| 320 | @a有书目 | |
| 330 | @a本书系统介绍低维碳新材料的合成及结构调变以及生长机理, 包括富勒烯和C60、碳纤维与薄膜、介孔碳与高分子材料、碳纳米管、石墨烯和石墨, 同时描述低维碳材料在新能源开发与储能、化工催化、环境净化、防腐等领域的应用。 | |
| 410 | 0 | @12001 @a资源化学丛书 |
| 606 | 0 | @a碳@Atan@x纳米材料@x研究 |
| 690 | @aTB383@v5 | |
| 701 | 0 | @a闵宇霖@Amin yu lin@4编著 |
| 701 | 0 | @a李和兴@Ali he xing@4编著 |
| 701 | 0 | @a吴彬@Awu bin@4编著 |
| 801 | 0 | @aCN@c20190905 |
| 905 | @a河南城建学院图书馆@dTB383@eM795 | |
| 低维纳米碳材料/闵宇霖, 李和兴, 吴彬编著.-北京:科学出版社,2018.06 |
| 254页:图;24cm.-(资源化学丛书) |
| ISBN 978-7-03-057939-3:CNY88.00 |
| 本书系统介绍低维碳新材料的合成及结构调变以及生长机理, 包括富勒烯和C60、碳纤维与薄膜、介孔碳与高分子材料、碳纳米管、石墨烯和石墨, 同时描述低维碳材料在新能源开发与储能、化工催化、环境净化、防腐等领域的应用。 |
| ● |
| 相关链接 |
|
|
|
正题名:低维纳米碳材料
索取号:TB383/M795
 
预约/预借
| 序号 | 登录号 | 条形码 | 馆藏地/架位号 | 状态 | 备注 |
| 1 | 1437606 | 214376067 | 自科二线504/504自科库 28排2列1层/ [索取号:TB383/M795] | 在馆 | |
| 2 | 1437607 | 214376076 | 自科库501/501自科库 14排1列5层/ [索取号:TB383/M795] | 在馆 |